पुर्वांचल प्रदेश में हिंदी भाषा और साहित्य (Record no. 293754)

MARC details
000 -LEADER
fixed length control field 01079nam a2200253Ia 4500
003 - CONTROL NUMBER IDENTIFIER
control field OSt
005 - DATE AND TIME OF LATEST TRANSACTION
control field 20220923211012.0
008 - FIXED-LENGTH DATA ELEMENTS--GENERAL INFORMATION
fixed length control field 220922b |||||||| |||| 00| 0 hin d
020 ## - INTERNATIONAL STANDARD BOOK NUMBER
International Standard Book Number 8170552087 (hbk)
037 ## - SOURCE OF ACQUISITION
Terms of availability Textual
040 ## - CATALOGING SOURCE
Original cataloging agency ARTS
Transcribing agency ARTS
Language of cataloging hin
041 ## - LANGUAGE CODE
Source of code hin
Language code of text/sound track or separate title hin
100 ## - MAIN ENTRY--PERSONAL NAME
Personal name जीनी, सी. इ.
9 (RLIN) 157030
245 #0 - TITLE STATEMENT
Title पुर्वांचल प्रदेश में हिंदी भाषा और साहित्य
Remainder of title प्रचार - प्रसार और वर्तमान स्थिति
246 ## - VARYING FORM OF TITLE
Title proper/short title Purvāanchal pradesh mean hiandī bhāṣhā aur sāhitya: prachār - prasār aur vartamān sthiti: ek mūlyāankana
260 ## - PUBLICATION, DISTRIBUTION, ETC.
Place of publication, distribution, etc. नयी दिल्ली
Name of publisher, distributor, etc. वाणी प्रकाशन
Date of publication, distribution, etc. 1990
300 ## - PHYSICAL DESCRIPTION
Extent 240पृ.
Dimensions cm.
942 ## - ADDED ENTRY ELEMENTS (KOHA)
Classification part P152.29W, N0
Koha item type Textual
Source of classification or shelving scheme Colon Classification (CC)
Holdings
Withdrawn status Lost status Damaged status Not for loan Home library Current library Date acquired Source of acquisition Cost, normal purchase price Total Checkouts Full call number Barcode Date last seen Cost, replacement price Price effective from Koha item type
        Arts Library Arts Library 2022-09-23 486, 21/03/2008, Vani Prakashan 125.00   P152.29W N0 AL1346598 2022-09-23 125.00 2022-09-23 Textual
Copyright @ Delhi University Library System